[Event "Online Olym Top DivA 2020"]
[Site "chess.com INT"]
[Date "2020.08.21"]
[Round "1.1"]
[Board "1"]
[White "Bilguun, Sumiya"]
[Black "Nguyen, Ngoc Truong Son"]
[Result "0-1"]
[WhiteTitle "GM"]
[BlackTitle "GM"]
[WhiteElo "2454"]
[BlackElo "2641"]
[WhiteTeam "Mongolia"]
[BlackTeam "Vietnam"]
[WhiteFideId "4901541"]
[BlackFideId "12401110"]
[EventDate "2020.08.21"]
[EventType "team"]

1. e4 e5 2. Bc4 Nf6 3. d3 Bc5 4. Nf3 Nc6 5. O-O d6 6. a4 a6 7. c3 Ba7 8. Re1 h6
9. Nbd2 O-O 10. Nf1 Ne7 11. Ng3 Ng6 12. h3 c6 13. Bb3 d5 14. exd5 Nxd5 15. d4
exd4 16. Nxd4 Bd7 17. Qf3 Bxd4 18. cxd4 Be6 19. Bd2 Qb6 20. Rad1 Rfe8 21. Ne4
Nh4 22. Qd3 Nf4 23. Bxf4 Qxb3 24. Nd6 Qxd3 25. Rxd3 Re7 26. Bg3 Ng6 27. h4 Rd7
28. Ne4 Bf5 29. Nc5 Rd5 30. Rb3 b5 31. axb5 axb5 32. h5 Nf8 33. Re5 Be6 34. Nxe6
Rxe5 35. Bxe5 Nxe6 36. Rc3 Ra6 37. Rd3 Ra1+ 38. Kh2 Ra4 39. g3 f6 40. Bb8 Rxd4
41. Ra3 Rd2 42. b4 Rxf2+ 43. Kg1 Rf5 44. Ra6 Nd4 45. Ba7 Nf3+ 46. Kg2 Ne5 47.
Bc5 Rxh5 48. Ra8+ Kh7 49. Ra7 Rg5 50. Kh3 Nd3 51. Be7 Rg6 52. Rc7 f5 53. Rd7
Nf2+ 54. Kh2 Ne4 55. Rd3 Re6 56. Bf8 Nf6 57. Bc5 Nd5 58. Ra3 g5 59. Ra7+ Kg6 60.
Kg2 Re4 61. Ra6 Nxb4 62. Bxb4 Rxb4 63. Rxc6+ Kh5 64. Rc5 Kg4 65. Rc2 Rb3 0-1

[Event "Online Olym Top DivA 2020"]
[Site "chess.com INT"]
[Date "2020.08.21"]
[Round "1.1"]
[Board "2"]
[White "Le, Tuan Minh"]
[Black "Munkhgal, Gombosuren"]
[Result "1-0"]
[WhiteTitle "IM"]
[BlackTitle "GM"]
[WhiteElo "2501"]
[BlackElo "2501"]
[WhiteTeam "Vietnam"]
[BlackTeam "Mongolia"]
[WhiteFideId "12401153"]
[BlackFideId "4901266"]
[EventDate "2020.08.21"]
[EventType "team"]

1. d4 Nf6 2. Nf3 e6 3. c4 d5 4. Nc3 Bb4 5. Bg5 h6 6. Bxf6 Qxf6 7. Qb3 c5 8. cxd5
exd5 9. e3 O-O 10. dxc5 Bxc3+ 11. Qxc3 Qxc3+ 12. bxc3 Be6 13. Bb5 Rc8 14. Kd2
Rxc5 15. Rhb1 Bf5 16. Rb3 Be4 17. a4 Rc7 18. a5 a6 19. Ba4 Ra7 20. Rb6 Rc5 21.
Nd4 Bxg2 22. Rd6 Nc6 23. Bxc6 bxc6 24. Rxc6 Rxc6 25. Nxc6 Rb7 26. Nb4 Ra7 27.
Kd3 Be4+ 28. Kd4 Rc7 29. Ra3 f6 30. Nxd5 Bxd5 31. Kxd5 Rb7 32. c4 Kf7 33. c5 Ke7
34. Ra2 Rb5 35. Kc6 h5 36. f4 g5 37. fxg5 fxg5 38. Rd2 Rxa5 39. Rd5 Ra2 40. Kb6
Rxh2 41. c6 Rb2+ 42. Kxa6 Ra2+ 43. Kb6 Rb2+ 44. Ka6 Ra2+ 45. Kb7 Rb2+ 46. Kc8
Rg2 47. c7 h4 48. Re5+ Kd6 49. Kd8 Kxe5 50. c8=Q Rg3 51. Ke7 Rxe3 52. Qc5+ Kf4+
53. Kf6 Rg3 54. Qf2+ Kg4 55. Qf5+ Kh5 56. Qe4 h3 57. Kf5 h2 58. Qe8+ Kh4 59.
Qh8# 1-0

[Event "Online Olym Top DivA 2020"]
[Site "chess.com INT"]
[Date "2020.08.21"]
[Round "1.1"]
[Board "3"]
[White "Munguntuul, Batkhuyag"]
[Black "Pham, Le Thao Nguyen"]
[Result "0-1"]
[WhiteTitle "IM"]
[BlackTitle "IM"]
[WhiteElo "2428"]
[BlackElo "2366"]
[WhiteTeam "Mongolia"]
[BlackTeam "Vietnam"]
[WhiteFideId "4900758"]
[BlackFideId "12401226"]
[EventDate "2020.08.21"]
[EventType "team"]

1. e4 c6 2. Nc3 d5 3. Nf3 Bg4 4. h3 Bxf3 5. Qxf3 e6 6. Be2 Nd7 7. d4 dxe4 8.
Nxe4 Ngf6 9. O-O Be7 10. c3 O-O 11. Rd1 Nxe4 12. Qxe4 Nf6 13. Qc2 a5 14. Bf4 a4
15. Rd3 Nd5 16. Be5 Bd6 17. Rg3 Bxe5 18. dxe5 a3 19. b3 Qh4 20. Rd1 Rfd8 21. Rg4
Qe7 22. Qc1 g6 23. h4 Qc7 24. Re4 Ne7 25. h5 Rxd1+ 26. Bxd1 Ra5 27. Qg5 Nf5 28.
g4 Qe7 29. Qf4 Nh4 30. c4 Ra8 31. Rd4 gxh5 32. Bc2 hxg4 33. Qh6 Ng6 34. Rxg4 Rd8
35. Rg5 Qf8 36. Qh3 Rd2 37. Be4 Rxa2 38. Rh5 Qg7 39. Bxg6 Qxg6+ 40. Kf1 Ra1+ 41.
Ke2 a2 42. Rh4 Rg1 0-1

[Event "Online Olym Top DivA 2020"]
[Site "chess.com INT"]
[Date "2020.08.21"]
[Round "1.1"]
[Board "4"]
[White "Hoang, Thi Bao Tram"]
[Black "Batchimeg, Tuvshintugs"]
[Result "1/2-1/2"]
[WhiteTitle "WGM"]
[BlackTitle "IM"]
[WhiteElo "2288"]
[BlackElo "2356"]
[WhiteTeam "Vietnam"]
[BlackTeam "Mongolia"]
[WhiteFideId "12401102"]
[BlackFideId "4900839"]
[EventDate "2020.08.21"]
[EventType "team"]

1. d4 Nf6 2. Nf3 g6 3. g3 Bg7 4. Bg2 O-O 5. O-O d5 6. Bf4 c6 7. c3 h6 8. Nbd2
Nbd7 9. Qc2 Nb6 10. Ne5 Bf5 11. Qb3 g5 12. Be3 Nfd7 13. f4 Nxe5 14. fxe5 Qd7 15.
a4 Rab8 16. Bf2 Bh3 17. a5 Na8 18. e4 Bxg2 19. Kxg2 Nc7 20. Rad1 b6 21. axb6
Rxb6 22. Qa2 a5 23. c4 Rfb8 24. b3 a4 25. bxa4 dxe4 26. Rb1 c5 27. Rxb6 Rxb6 28.
d5 Rb4 29. Nxe4 Bxe5 30. Nxc5 Qg4 31. Re1 Bd6 32. Ne4 Be5 33. Qe2 Qxe2 34. Rxe2
Rxc4 35. a5 Bd4 36. d6 exd6 37. Nxd6 Ra4 38. Re4 Ne6 39. Nf5 Rxa5 40. Nxd4 Nc5
41. Re8+ Kg7 42. Nc6 Ra2 43. Kf3 Ne6 44. Nd4 Rxf2+ 45. Kxf2 Nxd4 46. Ke3 Ne6 47.
Ke4 Kf6 48. Rb8 Nc5+ 49. Kd5 Ne6 50. Rb7 Ng7 51. g4 Ne6 52. Rb6 Kg6 53. Ke5 h5
54. gxh5+ Kxh5 55. Kf5 Nd4+ 56. Ke4 Ne6 57. Rb8 Kg4 58. Ke5 Nf4 59. Rb3 Nh5 60.
h3+ Kh4 61. Kf5 Nf4 62. Rb7 Nxh3 63. Rxf7 g4 64. Rh7+ Kg3 65. Rg7 Nf2 66. Rxg4+
Nxg4 1/2-1/2

[Event "Online Olym Top DivA 2020"]
[Site "chess.com INT"]
[Date "2020.08.21"]
[Round "1.1"]
[Board "5"]
[White "Batsuren, Dambasuren"]
[Black "Nguyen, Anh Khoi"]
[Result "1/2-1/2"]
[WhiteTitle "IM"]
[BlackTitle "GM"]
[WhiteElo "2481"]
[BlackElo "2520"]
[WhiteTeam "Mongolia"]
[BlackTeam "Vietnam"]
[WhiteFideId "4902920"]
[BlackFideId "12404675"]
[EventDate "2020.08.21"]
[EventType "team"]

1. d4 Nf6 2. c4 e6 3. Nf3 b6 4. a3 Ba6 5. Qc2 Bb7 6. Nc3 c5 7. Bf4 Nh5 8. Bg5
Be7 9. Bxe7 Qxe7 10. e4 cxd4 11. Nxd4 Nc6 12. Rd1 Nxd4 13. Rxd4 O-O 14. Be2 Nf4
15. O-O e5 16. Rd2 Ne6 17. Rfd1 Nd4 18. Qb1 Bc6 19. b4 Rac8 20. Bf1 Rc7 21. Ne2
Ne6 22. Qb2 f6 23. f3 Rfc8 24. Ng3 g6 25. Ne2 a5 26. c5 axb4 27. axb4 bxc5 28.
b5 Rb8 29. Nc3 c4 30. Kh1 Qc5 31. Qc1 Bxb5 32. Nd5 Nd4 33. Nxc7 Qxc7 34. Qc3 Rc8
35. Rb1 Qc5 36. h4 f5 37. exf5 Nxf5 38. Rdb2 Nd4 39. Qa5 c3 40. Rxb5 Nxb5 41.
Bxb5 d5 42. Qa6 c2 43. Rc1 Kg7 44. Bd3 Qe3 45. Qb7+ Kh6 46. Rxc2 Rxc2 47. Bxc2
Qe1+ 48. Kh2 Qxh4+ 49. Kg1 Qe1+ 50. Kh2 Qh4+ 51. Kg1 Qd4+ 52. Kh1 Qh4+ 53. Kg1 1/2-1/2

[Event "Online Olym Top DivA 2020"]
[Site "chess.com INT"]
[Date "2020.08.21"]
[Round "1.1"]
[Board "6"]
[White "Bach, Ngoc Thuy Duong"]
[Black "Bayasgalan, Khishigbaatar"]
[Result "0-1"]
[WhiteTitle "WIM"]
[BlackTitle "WCM"]
[WhiteElo "2239"]
[BlackElo "1640"]
[WhiteTeam "Vietnam"]
[BlackTeam "Mongolia"]
[WhiteFideId "12408956"]
[BlackFideId "4904311"]
[EventDate "2020.08.21"]
[EventType "team"]

1. d4 d5 2. c4 e6 3. Nc3 a6 4. cxd5 exd5 5. Bf4 Nf6 6. e3 Bd7 7. Nf3 Bg4 8. Be2
Bd6 9. Bg5 c6 10. Ne5 Bf5 11. O-O O-O 12. Bd3 Bxd3 13. Qxd3 Be7 14. Qc2 Nbd7 15.
Bxf6 Nxf6 16. Na4 Ne4 17. f3 Nd6 18. Nc5 Bf6 19. b3 Re8 20. f4 Qc8 21. Rae1 Ra7
22. h3 Bh4 23. Rc1 Nf5 24. Rf3 Bd8 25. Qd3 f6 26. Ng4 Nd6 27. Rff1 Bb6 28. Na4
Ba5 29. Nf2 Nf5 30. Ng4 h5 31. e4 Rxe4 32. Nf2 Re3 33. Qd1 Ng3 34. Nc5 Nxf1 35.
Qxf1 Bc7 36. Nfd3 Bd6 37. Qf2 Qe8 38. Rd1 Bxc5 39. Nxc5 Re2 40. Qf3 Qe3+ 41.
Qxe3 Rxe3 42. Kf2 Rc3 43. Rd2 b5 44. Re2 Kf7 45. f5 g6 46. fxg6+ Kxg6 47. Ne6 a5
48. Nf4+ Kg5 49. g3 a4 50. b4 a3 51. Kg2 Rc1 52. Kf3 Rf1+ 53. Kg2 Rb1 54. Re8
Rxb4 55. Rh8 f5 56. Rxh5+ Kf6 57. Rh6+ Kg7 58. Rg6+ Kh7 59. Rxc6 Rb2+ 60. Kf3
Rxa2 61. Nxd5 Rb2 62. Nf6+ Kg7 63. Nh5+ Kf7 64. Rh6 Re7 65. d5 a2 66. Rh7+ Ke8
67. Rh8+ Kd7 68. Ra8 b4 69. Nf6+ Kd6 70. Ra6+ Ke5 71. d6 Rb7 72. d7 Rb8 73. g4
Rb3+ 74. Kf2 Ra3 0-1

[Event "Online Olym Top DivA 2020"]
[Site "chess.com INT"]
[Date "2020.08.21"]
[Round "1.2"]
[Board "1"]
[White "Jobava, Baadur"]
[Black "Maghsoodloo, Parham"]
[Result "1-0"]
[WhiteTitle "GM"]
[BlackTitle "GM"]
[WhiteElo "2603"]
[BlackElo "2676"]
[WhiteTeam "Georgia"]
[BlackTeam "Iran"]
[WhiteFideId "13601520"]
[BlackFideId "12539929"]
[EventDate "2020.08.21"]
[EventType "team"]

1. e4 e6 2. d4 d5 3. Nc3 Bb4 4. Ne2 dxe4 5. a3 Be7 6. Nxe4 Nd7 7. g3 Ngf6 8.
Nxf6+ Nxf6 9. Bg2 O-O 10. O-O c5 11. dxc5 Bxc5 12. b4 Bd6 13. c4 Qc7 14. Bb2 Rd8
15. Qb3 Bd7 16. Nd4 Rac8 17. Rac1 a6 18. c5 Be5 19. c6 Bxc6 20. Nxc6 bxc6 21.
Rxc6 Qb8 22. Rxa6 Bxb2 23. Qxb2 Qb5 24. Ra5 Qd3 25. Rc5 h5 26. Rfc1 Rb8 27. b5
h4 28. a4 hxg3 29. hxg3 Ne4 30. Bxe4 Qxe4 31. a5 Qa8 32. b6 g6 33. Qf6 Rd5 34.
Rxd5 Qxd5 35. a6 1-0

[Event "Online Olym Top DivA 2020"]
[Site "chess.com INT"]
[Date "2020.08.21"]
[Round "1.2"]
[Board "2"]
[White "Ghaem Maghami, Ehsan"]
[Black "Quparadze, Giga"]
[Result "1/2-1/2"]
[WhiteTitle "GM"]
[BlackTitle "GM"]
[WhiteElo "2561"]
[BlackElo "2463"]
[WhiteTeam "Iran"]
[BlackTeam "Georgia"]
[WhiteFideId "12500739"]
[BlackFideId "13602250"]
[EventDate "2020.08.21"]
[EventType "team"]

1. e4 c5 2. Nf3 e6 3. g3 Nc6 4. Bg2 Nf6 5. Qe2 d6 6. O-O Be7 7. c3 Bd7 8. d4
cxd4 9. cxd4 d5 10. e5 Ne4 11. Nbd2 Nxd2 12. Bxd2 Qb6 13. Bc3 Rc8 14. h4 O-O 15.
Rfc1 Bb4 16. Qd2 a5 17. h5 h6 18. g4 f6 19. exf6 Rxf6 20. Bxb4 Qxb4 21. Qxb4
axb4 22. Ne5 Rd8 23. Nxc6 Bxc6 24. f3 Ra8 25. Kf2 Kf7 26. Ke3 Ke7 27. a3 bxa3
28. Rxa3 Rxa3+ 29. bxa3 Kd6 30. f4 Rf8 31. Bf1 Ra8 32. Rc3 Be8 33. Bd3 Bc6 1/2-1/2

[Event "Online Olym Top DivA 2020"]
[Site "chess.com INT"]
[Date "2020.08.21"]
[Round "1.2"]
[Board "3"]
[White "Dzagnidze, Nana"]
[Black "Khademalsharieh, Sarasadat"]
[Result "0-1"]
[WhiteTitle "GM"]
[BlackTitle "IM"]
[WhiteElo "2524"]
[BlackElo "2494"]
[WhiteTeam "Georgia"]
[BlackTeam "Iran"]
[WhiteFideId "13601903"]
[BlackFideId "12512214"]
[EventDate "2020.08.21"]
[EventType "team"]

1. d4 Nf6 2. c4 e6 3. Nc3 Bb4 4. Qc2 d5 5. Nf3 c5 6. a3 Ba5 7. Bg5 cxd4 8. Nxd4
e5 9. Nf5 Bxc3+ 10. bxc3 Bxf5 11. Qxf5 Nbd7 12. cxd5 Qa5 13. Bd2 Qxd5 14. c4
Qxc4 15. e3 Qe4 16. Qxe4 Nxe4 17. Bb4 a5 18. Bd2 Nxd2 19. Kxd2 Nc5 20. Bb5+ Ke7
21. Ke2 Ne4 22. Rhc1 Rac8 23. Bd3 Nd6 24. f3 Rxc1 25. Rxc1 Rc8 26. Ra1 f5 27.
Kd2 e4 28. Be2 Rc5 29. Rb1 b5 30. f4 Kd7 31. g4 Kc6 32. h3 g6 33. Rb3 Nc4+ 34.
Bxc4 Rxc4 35. Rb1 Ra4 36. Rc1+ Kb6 37. gxf5 gxf5 38. Rc3 Rc4 39. Rb3 b4 40. Rb1
Kb5 41. axb4 axb4 42. h4 Rc6 43. h5 Rd6+ 44. Ke2 Rh6 45. Rh1 b3 46. Kd2 Rc6 47.
Rg1 Rc2+ 48. Kd1 Rc6 49. Kd2 Rc2+ 50. Kd1 Rh2 51. Rg7 b2 52. Rb7+ Kc4 0-1

[Event "Online Olym Top DivA 2020"]
[Site "chess.com INT"]
[Date "2020.08.21"]
[Round "1.2"]
[Board "4"]
[White "Alinasab, Mobina"]
[Black "Arabidze, Meri"]
[Result "0-1"]
[WhiteTitle "WIM"]
[BlackTitle "IM"]
[WhiteElo "2317"]
[BlackElo "2428"]
[WhiteTeam "Iran"]
[BlackTeam "Georgia"]
[WhiteFideId "12528897"]
[BlackFideId "13604040"]
[EventDate "2020.08.21"]
[EventType "team"]

1. e4 c5 2. Nf3 e6 3. d4 cxd4 4. Nxd4 Nc6 5. Nc3 a6 6. g3 Qc7 7. Bg2 Nf6 8. O-O
Bc5 9. Nxc6 dxc6 10. Na4 Ba7 11. c4 e5 12. c5 Be6 13. Qc2 Rd8 14. Bg5 O-O 15.
Rfd1 h6 16. Be3 Qe7 17. h3 Bb8 18. Nb6 Nh7 19. Kh2 Rxd1 20. Rxd1 f5 21. exf5
Bxf5 22. Be4 Bxe4 23. Qxe4 Nf6 24. Qc4+ Kh8 25. b4 e4 26. Kg2 Qe8 27. Rd2 Qh5
28. Qe2 Qf5 29. Qd1 Be5 30. Rd8 Rxd8 31. Qxd8+ Kh7 32. Nc4 Qf3+ 33. Kg1 Bxg3 34.
fxg3 Qxg3+ 35. Kh1 Qxh3+ 36. Kg1 Qg3+ 37. Kf1 Ng4 38. Qd2 Nh2+ 39. Ke2 Qf3+ 40.
Ke1 Qf1# 0-1

[Event "Online Olym Top DivA 2020"]
[Site "chess.com INT"]
[Date "2020.08.21"]
[Round "1.2"]
[Board "5"]
[White "Petriashvili, Nikoloz"]
[Black "Tabatabaei, M.amin"]
[Result "0-1"]
[WhiteTitle "IM"]
[BlackTitle "GM"]
[WhiteElo "2423"]
[BlackElo "2629"]
[WhiteTeam "Georgia"]
[BlackTeam "Iran"]
[WhiteFideId "13611216"]
[BlackFideId "12521213"]
[EventDate "2020.08.21"]
[EventType "team"]

1. d4 f5 2. Nf3 Nf6 3. g3 g6 4. Bg2 Bg7 5. O-O O-O 6. b3 d6 7. Bb2 c6 8. c4 Qc7
9. Nc3 e5 10. dxe5 dxe5 11. e4 Na6 12. Qe2 f4 13. gxf4 Nh5 14. fxe5 Nf4 15. Qd2
Bh3 16. Bxh3 Nxh3+ 17. Kg2 Rad8 18. Nd5 cxd5 19. exd5 Qc8 20. Qd4 Rf4 0-1

[Event "Online Olym Top DivA 2020"]
[Site "chess.com INT"]
[Date "2020.08.21"]
[Round "1.2"]
[Board "6"]
[White "Zahedifar, Anahita"]
[Black "Koridze, Lile"]
[Result "1-0"]
[WhiteTitle "WFM"]
[BlackTitle "WFM"]
[WhiteElo "2213"]
[BlackElo "1996"]
[WhiteTeam "Iran"]
[BlackTeam "Georgia"]
[WhiteFideId "12560715"]
[BlackFideId "13612514"]
[EventDate "2020.08.21"]
[EventType "team"]

1. d4 Nf6 2. c4 e6 3. Nc3 Bb4 4. Qc2 O-O 5. e4 d5 6. e5 Ne4 7. Bd3 c5 8. Ne2 Nd7
9. Bxe4 dxe4 10. Qxe4 cxd4 11. Qxd4 Qc7 12. Bf4 Nc5 13. Rd1 b6 14. O-O Bxc3 15.
Nxc3 Bb7 16. Nb5 Qc6 17. f3 Ba6 18. b4 Nb7 19. Na3 Qa4 20. Qb2 b5 21. c5 Na5 22.
Nb1 Nc4 23. Qb3 Rfd8 24. Bg5 Rxd1 25. Rxd1 Qxb3 26. axb3 Nxe5 27. Rd6 Bb7 28.
Nc3 a6 29. Rb6 Bc8 30. c6 Ra7 31. Bf4 Nd3 32. Rb8 1-0

[Event "Online Olym Top DivA 2020"]
[Site "chess.com INT"]
[Date "2020.08.21"]
[Round "1.3"]
[Board "1"]
[White "Svane, Rasmus"]
[Black "Megaranto, Susanto"]
[Result "1-0"]
[WhiteTitle "GM"]
[BlackTitle "GM"]
[WhiteElo "2613"]
[BlackElo "2550"]
[WhiteTeam "Germany"]
[BlackTeam "Indonesia"]
[WhiteFideId "4657101"]
[BlackFideId "7101384"]
[EventDate "2020.08.21"]
[EventType "team"]

1. Nf3 Nf6 2. g3 d5 3. Bg2 c6 4. O-O Bg4 5. h3 Bh5 6. d4 e6 7. c4 Nbd7 8. cxd5
exd5 9. Ne5 Bg6 10. Nc3 Bb4 11. Qb3 Qe7 12. f4 h6 13. Nxd7 Nxd7 14. f5 Bh7 15.
e4 O-O 16. e5 f6 17. Bxd5+ Kh8 18. e6 Bxc3 19. bxc3 cxd5 20. Ba3 Qe8 21. Bxf8
Nxf8 22. Qxb7 Rc8 23. Rf3 g6 24. Re1 Rb8 25. Qxd5 gxf5 26. e7 Nd7 27. c4 Kg7 28.
c5 Bg6 29. Qd6 Rb2 30. Rb3 Rd2 31. Rb7 Ne5 32. dxe5 Rxd6 33. exd6 Bf7 34. d7 Qa8
35. e8=Q Qxb7 36. Qxf7+ Kxf7 37. d8=N+ 1-0

[Event "Online Olym Top DivA 2020"]
[Site "chess.com INT"]
[Date "2020.08.21"]
[Round "1.3"]
[Board "2"]
[White "Priasmoro, Novendra"]
[Black "Wagner, Dennis"]
[Result "1/2-1/2"]
[WhiteTitle "IM"]
[BlackTitle "GM"]
[WhiteElo "2502"]
[BlackElo "2581"]
[WhiteTeam "Indonesia"]
[BlackTeam "Germany"]
[WhiteFideId "7105029"]
[BlackFideId "24650684"]
[EventDate "2020.08.21"]
[EventType "team"]

1. e4 e5 2. Nf3 Nc6 3. Bb5 a6 4. Ba4 Nf6 5. O-O Nxe4 6. d4 b5 7. Bb3 d5 8. dxe5
Be6 9. Nbd2 Be7 10. c3 O-O 11. Bc2 f5 12. exf6 Nxf6 13. h3 Qd7 14. Nb3 Bd6 15.
Ng5 Bf5 16. Be3 h6 17. Bxf5 Qxf5 18. Nf3 Ne5 19. Nbd4 Nxf3+ 20. Nxf3 Rae8 21. a4
Ne4 22. axb5 axb5 23. Ra5 c6 24. Nd4 Qc8 25. Qg4 b4 26. cxb4 Bxb4 27. Ra4 Bd6
28. Qxc8 Rxc8 29. Rc1 c5 30. Nb5 d4 31. Nxd6 Nxd6 32. Bd2 Rfe8 33. Bf4 Nf5 34.
Ra5 g5 35. Bd2 Re2 36. Be1 d3 37. Rd1 Nd4 38. Bc3 Nb3 39. Ra6 d2 40. Rg6+ Kf7
41. Rf6+ Ke7 42. Rxh6 Re8 43. Rb6 c4 44. Kh2 Kd7 45. Rb4 Re1 46. Rxd2+ Nxd2 47.
Bxd2 R1e2 48. Bxg5 Rxf2 49. Rxc4 Rxb2 50. Rg4 Rg8 51. h4 Ke6 52. Rf4 Rc2 53. Kh3
Ke5 54. Rf3 Ke4 55. Rf1 Ra8 56. g3 Rc3 57. Kg4 Raa3 58. Bf4 Rc8 59. Re1+ Kd5 60.
h5 Rg8+ 61. Kh4 Ra2 62. g4 Ra4 63. Bg5 Rb8 64. h6 Rbb4 65. Rg1 Rb2 66. Kh5 Rh2+
67. Bh4 Ke6 68. h7 Ra8 69. g5 Kf7 70. Rb1 Ra4 71. Rb7+ Ke6 72. Kg6 Raxh4 73. Ra7
R4h3 74. Rb7 Rh1 75. Ra7 R3h2 76. Rb7 Rh4 77. Ra7 R4h2 78. Rb7 Rh4 79. Ra7 R4h3
80. Rb7 R3h2 81. Ra7 Rh4 82. Rb7 R1h2 83. Ra7 R2h3 84. Rb7 Rh1 1/2-1/2

[Event "Online Olym Top DivA 2020"]
[Site "chess.com INT"]
[Date "2020.08.21"]
[Round "1.3"]
[Board "3"]
[White "Schulze, Lara"]
[Black "Sukandar, Irine Kharisma"]
[Result "1-0"]
[WhiteTitle "FM"]
[BlackTitle "IM"]
[WhiteElo "2314"]
[BlackElo "2413"]
[WhiteTeam "Germany"]
[BlackTeam "Indonesia"]
[WhiteFideId "12956830"]
[BlackFideId "7101937"]
[EventDate "2020.08.21"]
[EventType "team"]

1. e4 e5 2. Nf3 Nc6 3. Bc4 Bc5 4. c3 Nf6 5. d3 O-O 6. O-O d5 7. exd5 Nxd5 8. a4
a6 9. Nbd2 Nb6 10. Ba2 Bg4 11. h3 Bh5 12. Ne4 Be7 13. Re1 Bg6 14. a5 Nc8 15. b4
Kh8 16. Be3 Bh5 17. Bc4 f5 18. Nc5 Bxc5 19. Bxc5 Nd6 20. Bd5 Ne7 21. Rxe5 Ng6
22. Qe1 Nxe5 23. Nxe5 f4 24. c4 c6 25. Be4 Re8 26. d4 Nf7 27. Nxf7+ Bxf7 28. Qb1
Qh4 29. Qc2 Bxc4 30. Bd6 Bd5 31. Be5 f3 32. Bxd5 cxd5 33. gxf3 Re6 34. Kf1 Qxh3+
35. Ke2 Rf8 36. f4 Rxf4 37. Qc8+ 1-0

[Event "Online Olym Top DivA 2020"]
[Site "chess.com INT"]
[Date "2020.08.21"]
[Round "1.3"]
[Board "5"]
[White "Vogel, Roven"]
[Black "Tarigan, Gilbert Elroy"]
[Result "1/2-1/2"]
[WhiteTitle "IM"]
[BlackTitle "IM"]
[WhiteElo "2456"]
[BlackElo "2149"]
[WhiteTeam "Germany"]
[BlackTeam "Indonesia"]
[WhiteFideId "12908088"]
[BlackFideId "7108133"]
[EventDate "2020.08.21"]
[EventType "team"]

1. Nf3 d5 2. d4 Nf6 3. c4 e6 4. Nc3 Be7 5. Bf4 O-O 6. e3 c5 7. dxc5 Bxc5 8. cxd5
Nxd5 9. Nxd5 exd5 10. Bd3 Bb4+ 11. Nd2 Nc6 12. O-O Be7 13. a3 Bf6 14. Qc2 h6 15.
Rac1 Be6 16. Nf3 Rc8 17. Qe2 Re8 18. h3 Na5 19. Bb5 Bd7 20. b4 Nc4 21. Bxc4 dxc4
22. Rxc4 Bb5 23. Rxc8 Bxe2 24. Rxd8 Rxd8 25. Rc1 Rd1+ 26. Rxd1 Bxd1 27. Be5 Bxf3
28. Bxf6 Bc6 29. Bd4 a6 30. f3 Kf8 31. Kf2 h5 32. e4 g6 33. Bf6 Ke8 34. Ke3 Kd7
35. g4 Ke6 36. e5 Bd5 37. f4 hxg4 38. hxg4 Bb3 39. Kd2 Bd5 40. Ke3 Bb3 41. Kd2
Bd5 42. Ke2 Bc4+ 43. Kf3 Bb3 44. Kg3 Bd1 45. Kh4 Bc2 46. Kg5 Bd3 47. a4 Bc2 48.
a5 Bd3 49. Bd8 Bc2 50. Bb6 Bd3 51. Bc5 Bc2 52. Kh6 Bd1 53. Kg5 Bc2 54. Bf2 Bd3
55. Bg3 Bc2 56. Be1 Bd3 57. Bc3 Bc2 58. Bd4 Bd3 59. Bc5 Bc2 1/2-1/2

[Event "Online Olym Top DivA 2020"]
[Site "chess.com INT"]
[Date "2020.08.21"]
[Round "1.3"]
[Board "6"]
[White "Fisabilillah, Ummi"]
[Black "Schneider, Jana"]
[Result "1/2-1/2"]
[WhiteTitle "WIM"]
[BlackTitle "FM"]
[WhiteElo "2159"]
[BlackElo "2270"]
[WhiteTeam "Indonesia"]
[BlackTeam "Germany"]
[WhiteFideId "7104804"]
[BlackFideId "12924997"]
[EventDate "2020.08.21"]
[EventType "team"]

1. e4 e6 2. d3 d5 3. Nd2 Nc6 4. Ngf3 Nf6 5. Be2 Bc5 6. O-O O-O 7. e5 Nd7 8. c3
d4 9. Ne4 Bb6 10. Bg5 Qe8 11. Qd2 f6 12. exf6 Nxf6 13. Nxf6+ gxf6 14. Bh6 Rf7
15. Nxd4 Nxd4 16. cxd4 Rd7 17. Bf3 Bxd4 18. Rfe1 e5 19. Rac1 c6 20. Be3 Qg6 21.
Be4 Qh5 22. Bxd4 Rxd4 23. f4 Bf5 24. Bxf5 Qxf5 25. fxe5 fxe5 26. Re3 Rad8 27.
Rg3+ Kh8 28. Rf1 Rf4 29. Rgf3 Rdd4 30. Rxf4 exf4 31. Qe2 Qxd3 32. Qe8+ Kg7 33.
Qe7+ Kg8 34. Qxb7 Qe3+ 35. Kh1 Qe2 36. Qa8+ Kg7 37. Qxa7+ Kg6 38. Rg1 Rd2 39.
Qb6 Rxb2 40. Qxc6+ Kg7 41. Qc3+ Kg6 42. a4 Ra2 43. a5 Kf7 44. h3 Kg6 45. Qc6+
Kg5 46. a6 Rxa6 47. Qc5+ Kg6 48. Qd4 Qe3 49. Qc4 Rf6 50. Qc2+ Kg5 51. Rf1 Rf5
52. Qd1 Qg3 53. Qd8+ Kh5 54. Qe8+ Qg6 55. Qe2+ Kh6 56. Qf3 Qg5 57. Re1 Rf6 58.
Re4 Qg3 59. Qxg3 fxg3 60. Kg1 Kg7 61. Rg4+ Rg6 62. Kf1 Rxg4 63. hxg4 Kg6 64. Ke2
Kg5 65. Kf3 Kh4 66. Kf4 h6 67. Kf5 h5 68. gxh5 Kxh5 69. Kf4 Kh4 70. Kf3 Kh5 71.
Kxg3 Kg5 72. Kf3 Kf5 73. g3 Kg5 74. g4 Kg6 75. Kf4 Kf6 76. g5+ Kg6 77. Kg4 Kg7
78. Kf5 Kf7 79. g6+ Kg7 80. Kg5 Kg8 81. Kh6 Kh8 82. Kh5 Kg7 83. Kg5 Kg8 84. Kf6
Kf8 85. g7+ Kg8 86. Kg6 1/2-1/2

[Event "Online Olym Top DivA 2020"]
[Site "chess.com INT"]
[Date "2020.08.21"]
[Round "1.4"]
[Board "3"]
[White "Tan, Zhongyi"]
[Black "Gevorgyan, Irina"]
[Result "1-0"]
[WhiteTitle "GM"]
[BlackTitle "WGM"]
[WhiteElo "2510"]
[BlackElo "2245"]
[WhiteTeam "China"]
[BlackTeam "Uzbekistan"]
[WhiteFideId "8603642"]
[BlackFideId "14201437"]
[EventDate "2020.08.21"]
[EventType "team"]

1. d4 d5 2. c4 c6 3. Nf3 e6 4. Nc3 Nf6 5. Bg5 Nbd7 6. e3 Be7 7. Bd3 O-O 8. O-O
dxc4 9. Bxc4 Nd5 10. Bxe7 Qxe7 11. Rc1 Rd8 12. Qc2 Nxc3 13. Qxc3 b6 14. b4 Bb7
15. Be2 Rac8 16. Rfd1 h6 17. Qb2 Rb8 18. a4 c5 19. dxc5 bxc5 20. b5 Bxf3 21.
Bxf3 Nb6 22. Rxd8+ Qxd8 23. Qa3 c4 24. Bc6 Qd2 25. g3 Qa5 26. Kg2 Qxa4 27. Qxa4
Nxa4 28. Rxc4 Nb6 29. Rc3 Rc8 30. e4 Kf8 31. e5 Ke7 32. f4 Rc7 33. Kf3 Rc8 34.
Ke4 h5 35. Ra3 Rc7 36. Kd4 g6 37. h3 Nd7 38. g4 hxg4 39. hxg4 Nb6 40. Ra6 Nd7
41. Ra1 Nb6 42. Kc5 Nd7+ 43. Kb4 Nb6 44. Rd1 Rc8 45. Ka5 Rc7 46. Ka6 f6 47. Rh1
fxe5 48. fxe5 Nc8 49. g5 Kd8 50. Rh8+ Ke7 51. Rh7+ Kd8 52. Rxc7 Kxc7 53. Be4 Kb8
54. Bxg6 Ne7 55. Bf7 Nd5 56. g6 1-0